00437nam a2200145Ia 4500003000900000008004100009040001600050080001500066245009100081260004400172300001500216650001600231650002100247700002300268IN-BaIIA211028s9999 xx 000 0 eng d cIIA Library a681.3bFAS 0aFaster than thoughtba symposium on digital computing machinescedited by B. V. Bowden aLondonbSir Isaac Pitman and Sonsc1953 axix, 416p. a Computers aNASA thesaurus  aBowden, B. V., ed.